|
|
|
|
| LEADER |
01085naa a2200253 i 4500 |
| 001 |
acta85760 |
| 005 |
20241127102804.0 |
| 008 |
241127s2024 hu o 100 eng d |
| 020 |
|
|
|a 978-963-688-009-5
|
| 040 |
|
|
|a SZTE Egyetemi Kiadványok Repozitórium
|b hun
|
| 041 |
|
|
|a eng
|
| 100 |
1 |
|
|a Štrbac Goran
|
| 245 |
1 |
4 |
|a The electrical properties of the SbXAs37-XS48I15 glass system important for efficient energy usage
|h [elektronikus dokumentum] :
|b [abstract] /
|c Štrbac Goran
|
| 260 |
|
|
|a University of Szeged
|b Szeged
|c 2024
|
| 300 |
|
|
|a 361
|
| 490 |
0 |
|
|a Proceedings of the International Symposium on Analytical and Environmental Problems
|v 30
|
| 650 |
|
4 |
|a Természettudományok
|
| 650 |
|
4 |
|a Kémiai tudományok
|
| 695 |
|
|
|a Analitikai kémia - előadáskivonat
|
| 700 |
0 |
1 |
|a Bošák Ondrej
|e aut
|
| 700 |
0 |
1 |
|a Štrbac Dragana
|e aut
|
| 700 |
0 |
1 |
|a Kubliha Marian
|e aut
|
| 711 |
|
|
|a 30th International Symposium on Analytical and Environmental Problems
|c Szeged
|d 2024. október 7-8.
|
| 856 |
4 |
0 |
|u http://acta.bibl.u-szeged.hu/85760/1/proceedings_of_isaep_2024_361.pdf
|z Dokumentum-elérés
|